header

Nursing policy research (Record no. 24780)

MARC details
000 -LEADER
fixed length control field 01313nam a2200325Ia 4500
245 00 - TITLE STATEMENT
Title Nursing policy research
260 ## - PUBLICATION, DISTRIBUTION, ETC. (IMPRINT)
Place of publication New York :
Name of publisher Springer Pub. Co.,
Year of publication c2009.
300 ## - PHYSICAL DESCRIPTION
Number of Pages xxvii, 372 p. :
Other physical details ill.
650 #0 - SUBJECT ADDED ENTRY--TOPICAL TERM
Topical Term Nursing
Topical Term Evidence-based nursing
Topical Term Medical policy
700 1# - ADDED ENTRY--PERSONAL NAME
Personal name Dickson, Geri L.
Personal name Flynn, Linda.
856 40 - ELECTRONIC LOCATION AND ACCESS
Uniform Resource Identifier http://site.ebrary.com/lib/rucke/Doc?id=10265425

No items available.

© 2026 Rongo University
Contact us: librarian | system librarian | Rongo university